000
00307nam a2200109Ia 4500
008
171211s9999 xx 000 0 und d
245
_a
Turbo Assembler-Wegweiser
245
_c
Edwin Rudolfs and Ekkehard Kaier
260
_c
2014
650
_x
SOFTWARE
856
_u
http://down.ebook777.com/062/3663124118.pdf
999
_c
349354
_d
349354